Применение окислительно-восстановительных реакций с участием материала электрода для концентрирования и определения микроколичеств некоторых элементов: автореферат диссертации на соискание ученой степени кандидата химических наук; спец. 02.00.02

Dettagli Bibliografici
Autore principale: Соболева Л. Н. Людмила Николаевна
Ente Autore: Московский государственный университет им. М. В. Ломоносова (МГУ)
Altri autori: Торопова В. Ф. (научный руководитель), Поляков Ю. Н.
Riassunto:Защита сост. 18.05.1977 г.
Lingua:russo
Pubblicazione: Москва, [Б. и.], 1977
Soggetti:
Natura: MixedMaterials Libro
KOHA link:https://koha.lib.tpu.ru/cgi-bin/koha/opac-detail.pl?biblionumber=340838

MARC

LEADER 00000nam0a2200000 4500
001 340838
005 20231102005301.0
035 |a (RuTPU)RU\TPU\book\367795 
090 |a 340838 
100 |a 20180409d1977 k y0rusy50 ca 
101 0 |a rus 
102 |a RU 
105 |a a dm 001zy 
200 1 |a Применение окислительно-восстановительных реакций с участием материала электрода для концентрирования и определения микроколичеств некоторых элементов  |e автореферат диссертации на соискание ученой степени кандидата химических наук  |e спец. 02.00.02  |f Л. Н. Соболева  |g Московский государственный университет им. М. В. Ломоносова (МГУ) ; науч. рук. В. Ф. Торопова, Ю. Н. Поляков 
210 |a Москва  |c [Б. и.]  |d 1977 
215 |a 21 с.  |c ил. 
300 |a Защита сост. 18.05.1977 г. 
320 |a Библиогр.: с. 20-21 (8 назв.) 
606 1 |a Электрохимические реакции, окислительно-восстановительные  |2 stltpush  |3 (RuTPU)RU\TPU\subj\70832  |9 85002 
610 1 |a окислительно-восстановительные реакции 
610 1 |a применение 
610 1 |a электроды 
610 1 |a концентрирование 
610 1 |a определение 
610 1 |a микроколичество 
610 1 |a химические элементы 
610 1 |a библиотека А. Г. Стромберга 
610 1 |a авторефераты диссертаций 
675 |a 544.653.2/.3(04)  |v 4 
686 |a 02.00.02  |2 oksvnk 
700 1 |a Соболева  |b Л. Н.  |g Людмила Николаевна 
702 1 |a Торопова  |b В. Ф.  |4 727 
702 1 |a Поляков  |b Ю. Н.  |4 727 
712 0 2 |a Московский государственный университет им. М. В. Ломоносова (МГУ)  |2 stltpush  |3 (RuTPU)RU\TPU\col\7 
801 1 |a RU  |b 63413507  |c 20180409 
801 2 |a RU  |b 63413507  |c 20180530  |g RCR 
942 |c BK